| 000 | 00804nam a22002537a 4500 | ||
|---|---|---|---|
| 003 | 0 | ||
| 005 | 20180728130715.0 | ||
| 008 | 0 | ||
| 010 | _aB-019386 | ||
| 020 |
_c00 _a8173913579 |
||
| 035 | _aB-019386, B-019387 | ||
| 037 | _bCen Lib/Ret | ||
| 040 |
_aDPL _bEN _c0 |
||
| 082 |
_a322.42095413 _bPRA |
||
| 100 |
_aPradeep Kumar _98071 |
||
| 245 |
_aThe uttarakhand movement : _cby Pradeep Kumar _bconstruction of regional identity / |
||
| 260 |
_aNew Delhi _bKanishka Publishers _c2000 |
||
| 270 |
_a4697/5-21A, ansari road, dariya ganj _bNew Delhi _e110002 |
||
| 300 |
_axviii, 228p. _c21cm(Hb) |
||
| 500 | _aIncludes bibliographical references and index | ||
| 650 |
_aUttarakhand movement _98072 |
||
| 650 |
_aDevelopment _98073 |
||
| 942 |
_2ddc _cEN _h322.42095413 _mPRA |
||
| 999 |
_c123797 _d123797 |
||